MARC

LEADER 00000nam0a2200000 4500
001 34662
005 20231101210242.0
035 |a (RuTPU)RU\TPU\book\35067 
035 |a BOOK00001718 
090 |a 34662 
100 |a 20011210d1994 m y0rusy50 ca 
101 0 |a rus 
102 |a RU 
105 |a a j 000zy 
200 1 |a Фрезерование  |e учебное пособие  |f М. Ф. Полетика 
210 |a Томск  |c Изд-во ТПУ  |d 1994 
215 |a 26 с. 
606 1 |a Фрезерное дело  |2 stltpush  |3 (RuTPU)RU\TPU\subj\16849  |9 42747 
610 1 |a резание 
610 1 |a режущие инструменты 
610 1 |a фрезерование 
610 1 |a процессы 
610 1 |a кинематика 
610 1 |a динамика 
610 1 |a энергетические затраты 
610 1 |a учебные пособия 
610 1 |a труды учёных ТПУ 
675 |a 621.914(075.8)  |v 3 
700 1 |a Полетика  |b М. Ф.  |c российский ученый, специалист в области электротехники  |c Почетный профессор Томского политехнического университета  |f 1922-2003  |g Михаил Федорович  |2 stltpush  |3 (RuTPU)RU\TPU\pers\19854 
801 0 |a RU  |b 63413507  |c 20011210  |g PSBO 
801 2 |a RU  |b 63413507  |c 20221006  |g PSBO 
900 |a Теория резания и режущий инструмент 
942 |c BK